| 000 | 00844nam a2200181Ia 4500 | ||
|---|---|---|---|
| 008 | 090630s9999 xx 000 0 und d | ||
| 082 | _b25129 | ||
| 100 | _aन्यायमुर्ती धर्माधिकारी चंद्रशेखर. | ||
| 245 |
_aअंतर्यात्रा. _cन्यायमुर्ती धर्माधिकारी चंद्रशेखर. |
||
| 260 |
_bमंजुल - पुणे. _c2002 |
||
| 300 | _a236 | ||
| 600 | _aन्यायमुर्ती धर्माधिकारी चंद्रशेखर. | ||
| 630 | _aअंतर्यात्रा. | ||
| 655 | _aइतर. | ||
| 700 | _aन्यायमुर्ती धर्माधिकारी चंद्रशेखर. | ||
| 730 | _aअंतर्यात्रा. | ||
| 942 | _cBOOK | ||
| 999 |
_c276985 _d276985 |
||